Glee Quotes - Statistics

General Stats
  • This quiz has been taken 118 times
  • The average score is 11 of 20
Answer Stats
Hint Answer % Correct
"I won my first dance competition when I was three months old." Rachel
99%
"The show must go all over the place or something." Finn
92%
"Did you know dolphins are just gay sharks?" Brittany
86%
"I know what cheating looks like, I do it all the time." Santana
82%
"I think you will be adding revenge to the list of things you're not good at, including being married, running a high school glee club, and finding a hair style that doesn't make you look like a lesbian." Sue
78%
"I'm sorry, it's just you know how many Facebook friends I had before Glee? Two! My parents." Tina
70%
"I will no longer be carrying around photo ID. Know why? People should know who I am." Sue
63%
"Just because I hate everyone doesn't mean they have to hate me too." Santana
59%
"Excuse me! What about us? You expect us to just sway back here like props?" Quinn
55%
"We're dealing with children; they need to be terrified. It's like mother's milk to them - without it, their bones won't grow properly." Sue
55%
"I don't want to be the guy that just drives around throwing eggs at people." Finn
51%
"You're irritating most of the time, but don't take that personally." Artie
48%
"Why does everyone assume I'm angry all the time? It's called being sassy." Mercedes
45%
"I look forward to the day the paparazzi provokes me and I attack them." Rachel
45%
"Every time I light a fire in my life, you find a way to make sure it burns the forest down." Will
31%
"Give me some chocolate or I will cut you." Becky
30%
"I'm only really generous if there's something in it for me." Rachel
28%
"Just come out so we can talk...or sing about it." Jesse
22%
"This song should be arrested for the crime of sucking." Jesse
18%
"Sometimes if you want to make change, you gotta make a little noise." Blaine
14%
No matching quizzes found
Score Distribution
Percent of People with Each Score
Percentile by Number Answered
Your Score History
You have not taken this quiz